[Event "BCF-ch Penrose U2000 op"]
[Site "Hull"]
[Date "2024.07.27"]
[Round "3"]
[White "Royle, Alex"]
[Black "Llewellyn, Julian D"]
[Result "1-0"]
[WhiteElo "1882"]
[BlackElo "1807"]
[PlyCount "69"]
[EventDate "2024.07.26"]
[EventType "swiss"]
[EventRounds "5"]
[EventCountry "ENG"]
[SourceTitle "CBM 221 Extra"]
[Source "ChessBase"]
[SourceDate "2024.09.30"]
[SourceVersion "1"]
[SourceVersionDate "2024.09.30"]
[SourceQuality "1"]

1. d4 Nf6 2. c4 e6 3. g3 d5 4. Bg2 Be7 5. Nf3 0-0 6. 0-0 dxc4 7. Qc2 a6 8. a4 Bd7 9. Qxc4 Bc6 10. Bf4 a5 11. Nc3 Na6 12. Ne5 Bxg2 13. Kxg2 Nd5 14. Bd2 c6 15. Nf3 Nab4 16. e4 Nf6 17. Rac1 Qb6 18. Be3 Qa6 19. Qxa6 Nxa6 20. h3 Nb4 21. Rfd1 h6 22. Kf1 Rfd8 23. Ke2 Kf8 24. Nd2 Ke8 25. Nc4 Nd7 26. Bf4 g5 27. Bc7 Rdc8 28. Bxa5 f6 29. Nb6 Nxb6 30. Bxb6 Na6 31. a5 Kf7 32. Na4 Re8 33. Nc5 Reb8 34. Rc4 Ke8 35. Nxe6 1-0

[Event "London Muswell Hill op"]
[Site "London"]
[Date "2023.08.29"]
[Round "1"]
[White "Llewellyn, Julian D"]
[Black "Shard, Henry"]
[Result "1-0"]
[WhiteElo "1799"]
[BlackElo "1525"]
[PlyCount "57"]
[EventDate "2023.08.29"]
[EventType "swiss"]
[EventRounds "14"]
[EventCountry "ENG"]
[SourceTitle "EXT 2025"]
[Source "ChessBase"]
[SourceDate "2024.10.14"]
[SourceVersion "1"]
[SourceVersionDate "2024.10.14"]
[SourceQuality "1"]

1. e4 e5 2. Nf3 Nc6 3. d4 exd4 4. Nxd4 Nf6 5. Nxc6 bxc6 6. e5 Qe7 7. Qe2 Nd5 8. c4 Ba6 9. b3 g6 10. Ba3 d6 11. exd6 Qxe2+ 12. Bxe2 Bg7 13. cxd5 Bxe2 14. Kxe2 Bxa1 15. Rc1 cxd6 16. Rxc6 Be5 17. Nd2 Kd7 18. Nc4 Rhc8 19. Ra6 f5 20. g3 f4 21. Kd3 Re8 22. Nxd6 Bxd6 23. Rxd6+ Kc7 24. Rc6+ Kb7 25. Rf6 Rad8 26. Rf7+ Kb6 27. Kd4 a6 28. Bc5+ Ka5 29. Rb7 1-0

[Event "Berks & Bucks Reserves op"]
[Site "Maidenhead"]
[Date "2022.08.28"]
[Round "4"]
[White "O'Gorman, Brendan"]
[Black "Llewellyn, Julian D"]
[Result "1/2-1/2"]
[WhiteElo "1762"]
[BlackElo "1859"]
[PlyCount "51"]
[EventDate "2022.08.27"]
[EventType "swiss"]
[EventRounds "6"]
[EventCountry "ENG"]
[SourceTitle "EXT 2023"]
[Source "ChessBase"]
[SourceDate "2022.10.05"]
[SourceVersion "1"]
[SourceVersionDate "2022.10.05"]
[SourceQuality "1"]

1. c4 c6 2. Nf3 d5 3. e3 Nf6 4. Nc3 e6 5. b3 Nbd7 6. Bb2 Bd6 7. d4 0-0 8. Bd3 b6 9. 0-0 Bb7 10. cxd5 exd5 11. Qe2 Rc8 12. Rfc1 Qe7 13. Ba6 Nb8 14. Bxb7 Qxb7 15. Rc2 Nbd7 16. Rac1 Rfe8 17. Nd2 a6 18. Qf3 Bf8 19. Ne2 Ne4 20. Nxe4 Rxe4 21. Nf4 Ree8 22. Nd3 Bd6 23. Nf4 a5 24. Nh5 Bf8 25. Nf4 Bd6 26. Nh5 1/2-1/2

[Event "Hammersmith CC op U2000"]
[Site "London"]
[Date "2022.06.04"]
[Round "3"]
[White "Llewellyn, Julian D"]
[Black "Arnold, Simon D"]
[Result "1/2-1/2"]
[WhiteElo "1813"]
[BlackElo "1878"]
[PlyCount "40"]
[EventDate "2022.06.04"]
[EventType "swiss"]
[EventRounds "5"]
[EventCountry "ENG"]
[SourceTitle "CBM 208 Extra"]
[Source "ChessBase"]
[SourceDate "2022.07.31"]
[SourceVersion "1"]
[SourceVersionDate "2022.07.31"]
[SourceQuality "1"]

1. e4 e5 2. Nf3 Nc6 3. d4 exd4 4. Nxd4 Nf6 5. Nc3 Bb4 6. Nxc6 bxc6 7. Bd3 d5 8. exd5 cxd5 9. 0-0 0-0 10. Bg5 c6 11. Qf3 Bd6 12. Bf4 Be6 13. h3 Bxf4 14. Qxf4 Qb8 15. Qxb8 Raxb8 16. Na4 Nd7 17. f4 f5 18. b3 c5 19. Rfe1 Rfe8 20. Bf1 Bf7 1/2-1/2

[Event "London Mill Hill op U1900"]
[Site "London"]
[Date "2022.03.26"]
[Round "3"]
[White "Bryant, Harry"]
[Black "Llewellyn, Julian D"]
[Result "0-1"]
[WhiteElo "1413"]
[BlackElo "1692"]
[PlyCount "45"]
[EventDate "2022.03.26"]
[EventType "swiss"]
[EventRounds "5"]
[EventCountry "ENG"]
[SourceTitle "EXT 2024"]
[Source "ChessBase"]
[SourceDate "2023.10.10"]
[SourceVersion "1"]
[SourceVersionDate "2023.10.10"]
[SourceQuality "1"]

1. e4 c6 2. d4 d5 3. e5 c5 4. c3 Nc6 5. Nf3 Bg4 6. Bb5 Bxf3 7. Qxf3 e6 8. Qd1 Qb6 9. Qa4 Rc8 10. Be3 a6 11. Bxc6+ Rxc6 12. Nd2 cxd4 13. Bxd4 Bc5 14. Nb3 Bxd4 15. Qxd4 Qc7 16. f4 Rc4 17. Qe3 Re4 18. Qxe4 dxe4 19. 0-0-0 Ne7 20. Rhe1 0-0 21. g4 Nd5 22. Rxe4 b5 23. a3 0-1

[Event "London Mill Hill op U2200"]
[Site "London"]
[Date "2021.11.28"]
[Round "4"]
[White "Kumar, Sanjit S"]
[Black "Llewellyn, Julian D"]
[Result "1/2-1/2"]
[WhiteElo "1769"]
[BlackElo "1692"]
[PlyCount "93"]
[EventDate "2021.11.27"]
[EventType "swiss"]
[EventRounds "5"]
[EventCountry "ENG"]
[SourceTitle "EXT 2023"]
[Source "ChessBase"]
[SourceDate "2022.10.05"]
[SourceVersion "1"]
[SourceVersionDate "2022.10.05"]
[SourceQuality "1"]

1. d4 d5 2. c4 c6 3. Nc3 Nf6 4. cxd5 cxd5 5. Bf4 Nc6 6. e3 Bf5 7. Nf3 e6 8. a3 Be7 9. Bd3 Bxd3 10. Qxd3 0-0 11. h3 Na5 12. 0-0 Nc4 13. Rab1 Rc8 14. Ne5 Nd6 15. Rbc1 Nd7 16. b3 f6 17. Nxd7 Qxd7 18. a4 a6 19. Bh2 Rc6 20. Rc2 Rfc8 21. Rfc1 Nf7 22. Ne2 Ba3 23. Rxc6 Rxc6 24. Rxc6 Qxc6 25. Qc3 Qxc3 26. Nxc3 Kf8 27. Kf1 Ke7 28. Ke2 Nd8 29. Kd3 Nc6 30. Nb1 Bb4 31. Nc3 Kd7 32. f3 Be7 33. Bg3 Nb4+ 34. Kd2 Bd6 35. Bxd6 Kxd6 36. Ne2 e5 37. Nc1 b6 38. Kc3 Nc6 39. b4 Nd8 40. Nd3 Ne6 41. a5 bxa5 42. bxa5 exd4+ 43. exd4 Nc7 44. Nc5 Kc6 45. Kb4 Kd6 46. Nb7+ Kc6 47. Nc5 1/2-1/2

[Event "London Mill Hill op U2200"]
[Site "London"]
[Date "2021.11.27"]
[Round "1"]
[White "Llewellyn, Julian D"]
[Black "Fernandez, Michael"]
[Result "0-1"]
[WhiteElo "1692"]
[BlackElo "2170"]
[PlyCount "78"]
[EventDate "2021.11.27"]
[EventType "swiss"]
[EventRounds "5"]
[EventCountry "ENG"]
[SourceTitle "EXT 2023"]
[Source "ChessBase"]
[SourceDate "2022.10.05"]
[SourceVersion "1"]
[SourceVersionDate "2022.10.05"]
[SourceQuality "1"]

1. e4 c6 2. d4 d5 3. exd5 cxd5 4. c4 Nf6 5. Nc3 Nc6 6. Nf3 Bg4 7. cxd5 Nxd5 8. Qb3 Bxf3 9. gxf3 e6 10. Qxb7 Nxd4 11. Bb5+ Nxb5 12. Qc6+ Ke7 13. Qxb5 Qd7 14. Qxd7+ Kxd7 15. Nxd5 exd5 16. Be3 Bb4+ 17. Ke2 Ke6 18. Rac1 Rhc8 19. Kd3 a6 20. Bd4 g6 21. a3 Bd6 22. h3 Kf5 23. Rce1 Rab8 24. Re2 Rb3+ 25. Bc3 Bxa3 26. Kd4 Bc5+ 27. Kxd5 Ba7 28. Rhe1 Rb5+ 29. Kd6 Bb8+ 30. Kd7 Rc4 31. Ke7 Rb7+ 32. Kf8 f6 33. Re8 Rcc7 34. R1e6 Rf7+ 35. Kg8 h5 36. Re4 Rg7+ 37. Kh8 Rh7+ 38. Kg8 Rbg7+ 39. Kf8 Bd6+ 0-1

[Event "London Classic op U1750 11th"]
[Site "London"]
[Date "2019.12.06"]
[Round "5"]
[White "Llewellyn, Julian D"]
[Black "Fleri, Luke"]
[Result "1-0"]
[WhiteElo "1576"]
[BlackElo "1698"]
[PlyCount "87"]
[EventDate "2019.12.02"]
[EventType "swiss"]
[EventRounds "5"]
[EventCountry "ENG"]
[SourceTitle "CBM 195 Extra"]
[Source "ChessBase"]
[SourceDate "2020.05.31"]
[SourceVersion "1"]
[SourceVersionDate "2020.05.31"]
[SourceQuality "1"]

1. e4 d5 2. exd5 Nf6 3. d4 Nxd5 4. Nf3 e6 5. Bd3 c5 6. 0-0 cxd4 7. Nxd4 Bc5 8. Nb3 Bb6 9. Qg4 0-0 10. Bg5 f5 11. Qh4 Qe8 12. Na3 h6 13. Bd2 Qe7 14. Qxe7 Nxe7 15. Nc4 Bc7 16. Nd4 Nbc6 17. Nb5 Nd5 18. Nxc7 Nxc7 19. Rfe1 Re8 20. f4 b6 21. Nd6 Rd8 22. Nxc8 Raxc8 23. Re3 Kf7 24. c4 Rd4 25. Bc3 Rxf4 26. Rc1 Rg4 27. Be2 Rg6 28. Bh5 Re8 29. Be5 Nxe5 30. Rxe5 Kf6 31. Bxg6 Kxg6 32. Rd1 Kf6 33. Ree1 Re7 34. Rd6 Kf7 35. Red1 e5 36. Rd7 e4 37. Rxe7+ Kxe7 38. Kf2 f4 39. Rd4 e3+ 40. Ke2 Ne6 41. Rd1 Nc5 42. g3 Na4 43. gxf4 Nxb2 44. Rd4 1-0

[Event "London Classic op U1750 11th"]
[Site "London"]
[Date "2019.12.04"]
[Round "3"]
[White "Llewellyn, Julian D"]
[Black "O'Gorman, Brendan"]
[Result "1-0"]
[WhiteElo "1576"]
[BlackElo "1715"]
[PlyCount "35"]
[EventDate "2019.12.02"]
[EventType "swiss"]
[EventRounds "5"]
[EventCountry "ENG"]
[SourceTitle "CBM 195 Extra"]
[Source "ChessBase"]
[SourceDate "2020.05.31"]
[SourceVersion "1"]
[SourceVersionDate "2020.05.31"]
[SourceQuality "1"]

1. e4 c5 2. Nf3 e6 3. d4 cxd4 4. Nxd4 Nf6 5. Nc3 Nc6 6. Be2 Bb4 7. Nxc6 bxc6 8. e5 Nd5 9. Bd2 Nxc3 10. bxc3 Be7 11. 0-0 0-0 12. Bd3 f5 13. exf6 Bxf6 14. Re1 Qc7 15. Re3 d5 16. f4 e5 17. fxe5 Bxe5 18. Qh5 1-0